00281nam a22000977a 4500008004100000020001800041100001400059245007100073260003100144300000800175240805b |||||||| |||| 00| 0 eng d a9788119403752 aN. Saxena aConcise Commentary on The Bharatiya Nagarik Suraksha Sanhita, 2023 aGurgaonbLexis Nexisc2024 a464